|
|
|
|
| LEADER |
00000nam a2200000 a 4500 |
| 001 |
vtls008385884 |
| 003 |
SK-MaSNL |
| 005 |
20260301185839.0 |
| 008 |
251029s1953 xo slo |
| 015 |
|
|
|a SKSNBA19451955-007666
|
| 035 |
|
|
|a SK01SNKBKSFS20010078101
|
| 035 |
|
|
|a SKM000080564
|
| 040 |
|
|
|a SNK
|b slo
|c SNK
|e AACR2
|
| 041 |
0 |
|
|a slo
|
| 044 |
|
|
|a xo
|c SK
|
| 080 |
|
|
|a 674
|2 1981
|
| 100 |
1 |
|
|a Missuth, Ján
|4 aut
|9 398661
|
| 245 |
1 |
0 |
|a Uskladňovanie a urovnávanie dreva
|c Ján Missuth
|
| 260 |
|
|
|a Bratislava
|b ŠPN
|c 1953
|e Trnava
|f Knižné závody
|
| 300 |
|
|
|a 119, [1] s.
|c V. 8°
|e obráz. príloha
|
| 490 |
0 |
|
|a Lesníctvo
|v zv. 5
|
| 500 |
|
|
|a Ilustrované
|
| 504 |
|
|
|a Literatúra
|
| 563 |
|
|
|a 3.300 výtlač.
|
| 650 |
0 |
7 |
|a drevo
|x uskladňovanie
|2 SNK
|9 564326
|
| 655 |
|
7 |
|a knihy
|2 SNKPH
|9 307098
|
| 830 |
|
0 |
|a Lesníctvo
|9 278477
|
| 852 |
|
|
|a Slovenská národná knižnica v Martine
|b 10000
|h MS SD 8392/5
|
| 958 |
|
|
|a OND
|
| 958 |
|
|
|a TL
|
| 999 |
|
|
|c 865413
|d 867343
|
| 952 |
|
|
|a SNK
|b SNK
|y PREZ
|7 0
|p 17A0360502
|o snkSD 8392/5
|0 0
|1 0
|4 0
|d 2002-11-14
|f 1
|l 0
|r 2025-11-20 00:00:00
|w 2026-02-24
|
| 952 |
|
|
|a SNK
|b SNK
|y VYP
|7 0
|p 17A1149662
|o snkSD 8392/5 D1
|i snkKSF 3794/56
|8 5
|0 0
|1 0
|4 0
|d 2016-02-01
|l 0
|r 2026-02-24 05:25:11
|w 2026-02-24
|
| 952 |
|
|
|a SNK
|b SNK
|y VYP
|7 0
|p 17A1149679
|o snkSD 8392/5 D2
|i snkD 25/65
|8 1
|0 0
|1 0
|4 0
|d 2016-02-01
|l 0
|r 2026-02-24 05:25:11
|w 2026-02-24
|